Carta ambiental (Registro nro. 16794)

Detalles MARC
000 -CABECERA
Campo de control 00281as aa2200097a 44500
090 ## - CLASIFICACIÓN LOCAL
Colección SERIADAS
Consecutivo 01072
041 0# - IDIOMA
Código de idioma para texto/pista de sonido o título separado
245 10 - MENCION DE TITULO
Título Carta ambiental
260 ## - PUBLICACION, DISTRIBUCION, ETC. (PIE DE IMPRENTA)
Nombre del editor, distribuidor, etc. Corporación Autónoma Regional de las Cuencas de los Ríos Bogotá, Ubaté, y Suárez
Lugar de publicación, distribución, etc. Colombia
942 ## - ELEMENTOS ADICIONALES (KOHA)
Tipo de ítem Periodica o revista
Existencias
Withdrawn status Lost status Damaged status No para préstamo Colección Fecha publicación (Año) Volumen revista Número revista Ubicación Permanente Ubicación actual Fecha de adquisición Fuente de Valor Total Checkouts Número topográfico Inventario / Código de Barras Date last seen Ejemplar Price effective from Forma de adquisición Tipo de material
        Hemeroteca 1999 1 8 Villa de Leyva Villa de Leyva 09/08/2001 Desconocido   SERIADAS 01072 006481 25/03/2015 1 25/03/2015   Periodica o revista
        Hemeroteca 1999 1 8 Villa de Leyva Villa de Leyva 11/05/2004 Arango, Natalia   SERIADAS 01072 015166 25/03/2015 1 25/03/2015   Periodica o revista